000 00600nam a2200229 i 4500
001 C2-0297838
003 PPAK
005 20180728080019.0
008 090524s2004 ii |||| ||||| | tam d
040 _aPPAK
_beng
_cPPAK
_erda
082 0 4 _a894.8111
_223
090 0 0 _a894.8111
_bTJR
_dG
100 0 _aT.J.R.,
_eauthor
245 1 0 _aPuthumai kavi parathiyar
264 1 _aChennai, India :
_bAlliance ,
_c[2004]
300 _a100 pages ;
_c18 cm
336 _2rdacontent
_atext
337 _2rdamedia
_aunmediated
338 _2rdacarrier
_avolume
650 1 0 _aTamil poetry.
942 _ddc
_cB
999 _c102199
_d102199